Luật doanh nghiệp và văn bản hướng dẫn thi hành

Các văn bản về luật thuế thu nhập doanh nghiệp và văn bản hướng dẫn thi hành. Hướng dẫn thi hành luật thuế giá trị gia tăng. Hệ thống văn bản hướng dẫn thi hành luật doanh nghiệp

Na minha lista:
Detalhes bibliográficos
Autores corporativos: Việt Nam (Cộng hòa xã hội Chủ nghĩa), Quốc hội
Formato: Livro
Idioma:Undetermined
Publicado em: Hà Nội Giao thông vận tải 2010
Assuntos:
Tags: Adicionar Tag
Sem tags, seja o primeiro a adicionar uma tag!
Thư viện lưu trữ: Trung tâm Học liệu Trường Đại học Cần Thơ
LEADER 01049nam a2200229Ia 4500
001 CTU_191565
008 210402s9999 xx 000 0 und d
020 |c 100000 
082 |a 346.597065 
082 |b V308 
110 |a Việt Nam (Cộng hòa xã hội Chủ nghĩa) 
110 |b Quốc hội 
245 0 |a Luật doanh nghiệp và văn bản hướng dẫn thi hành 
245 0 |c Việt Nam (Cộng hòa xã hội Chủ nghĩa). Quốc hội 
260 |a Hà Nội 
260 |b Giao thông vận tải 
260 |c 2010 
520 |a Các văn bản về luật thuế thu nhập doanh nghiệp và văn bản hướng dẫn thi hành. Hướng dẫn thi hành luật thuế giá trị gia tăng. Hệ thống văn bản hướng dẫn thi hành luật doanh nghiệp 
650 |a Commercial law,Luật thương mại 
650 |z Vietnam,Việt Nam 
910 |a Hải 
980 |a Trung tâm Học liệu Trường Đại học Cần Thơ